| 000 | 00510cam a2200205ua 4500 | ||
|---|---|---|---|
| 020 | _c115.00 | ||
| 041 |
_aeng _h |
||
| 082 |
_a620.1 _bBAN/TE |
||
| 100 | _aBansal, R K. | ||
| 245 |
_aText book of engineering mechanics / _cR.K.Bansal. _hTextual Documents |
||
| 260 |
_aNew Delhi : _bLaxmi Publications , _c1996. |
||
| 300 | _a743 ; . | ||
| 365 | _a115.00 | ||
| 504 | _a | ||
| 700 | 1 | _aSanjay, Bansal . | |
| 942 | _cBK | ||
| 999 |
_c10793 _d10793 |
||